| 000 | 00757nam a2200229 i 4500 | ||
|---|---|---|---|
| 001 | 187124 | ||
| 003 | ES-MaACL | ||
| 005 | 20251003063200.0 | ||
| 008 | 170419s1967 ag |||| | spa d | ||
| 080 | _a615.851 | ||
| 100 | 1 |
_aMoreno, J. L., _d1892-1974 _9162415 |
|
| 245 | 1 | 4 |
_aLas bases de la psicoterapia / _cJ.L. Moreno ; [et al. ; traducido por el Dr. Mario Carlisky]. |
| 260 |
_aBuenos Aires : _bHormé, _c[1967] |
||
| 300 |
_a375 p. ; _c21 cm. |
||
| 490 | 1 |
_aBiblioteca psicoterapia ; _v15 |
|
| 504 | _aBibliografĂa: p. 375. | ||
| 650 | 0 | 4 |
_aPsicoterapia. _916579 |
| 700 | 1 |
_aCarlisky, Mario. _935282 |
|
| 830 | 0 |
_aBiblioteca psicoterapia ; _v15 _9225511 |
|
| 852 |
_aES-MaACL _jL-31448 _z- enc. tela |
||
| 999 |
_c187124 _d187124 |
||